000 02247nam a22003495i 4500
001 163426
003 ES-MaACL
005 20250825062644.0
008 050727q1860 xxkabfd| |||||||| ||eng d
040 _aCAM
_bspa
_cCAM
245 0 0 _aReynolds's universal atlas of astronomy, geology, physical geography, the vegetable kingdom and natural philosophy :
_bcomprising four hundred coloured maps and diagrams with popular descriptions
246 1 _iTít.. de cub.:
_aUniversal atlas of science
260 _aLondon :
_bpublished by James Reynolds,
_c[ca. 1860]
300 _a1 volumen (paginación varada) :
_bmapas, ilustraciones (negro y color) ;
_c22 cm
500 _aAtlas universal de astronomía, geología, geografía física, reino vegetal y filosofía natural: comprende cuatrocientos mapas iluminados y diagramas, con descripciones populares
505 0 _aPopular astronomy: a description of the principal phenomena of astronomy. Pictorial and descriptive atlas of geology... / revised by John Morris. Polular sketch of the vegetable kingdom. Laws of matter and motion. Mechanical powers. Hydrostatics. Hudraulics. Pneumatics. Optics. Electricity. Magnetism
530 _aDisponible en formato digital
599 _aNumerosa láminas coloreadas, algunas de ellas dobles, con mapas terrestres, mapas astronómicos, plantas, paisajes, aparatos de física...
650 7 _aAtlas
_2embne
_910407
650 4 _aAstronomía-
_vAtlas
_910387
650 7 _aPlantas
_2embne
_9146656
655 7 _aLibros ilustrados
_2tgfbne
_9193653
700 1 _aReynolds, James
_eedt
_9131761
700 1 _a Morris, John,
_d1810-1886
_erev
_9241390
752 _aGran Bretaña -
_dLondres
852 _aES-MaACL
_cDEPO2
_fEx-libris ms. de Joseph William Retortillo
_gDed. "Joseph Retortillo from his uncle Pepe, Cádiz 25th. November 1870, Friday"
_jG-4790
_xHolandesa, conservando enc. original
856 _uhttps://bdh-rd.bne.es/viewer.vm?id=0000001575&page=1
_yVersión en línea
_z(Biblioteca Digital Hispánica)
856 _uhttps://archive.org/details/reynoldssunivers00reynrich/page/n5/mode/2up
_yVersión en línea
_z(Internet Archive)
942 _2udc
_cMONANT
_n0
999 _c163426
_d163426